000 00468nam a2200145Ia 4500
008 090122s9999 xx 000 0 und d
082 _b7521
_a616
100 _aगाला
_b
_cरा
245 _aपाठदुखी तुला राम राम
600 _aगाला
630 _aपाठदुखी तुला राम राम
700 _aगाला
730 _aपाठदुखी तुला राम राम
942 _cBOOK
999 _c31598
_d31598